000 00968cab a2200241 4500
001 ABS49927
008 090401t1994 xxu||||| |||| 00| 0 eng d
035 _a(Sirsi) u73363
041 _aeng
245 _aGreen buildings: ideas in practice
260 _c1994
350 _a0
490 _aBuilding Services
_v16(1) January 1994, 18-30(12)
520 _aFour articles on environmentally sensitive design for building services covering a debate among specialists on natural ventilation, an explanation of the interactive window system from Colt International, and two case studies of `green` design in buildings: Anglia Polytechnic University and the Birley health centre, Sheffield.
650 _aBlock management
_96220
650 _aENVIRONMENTAL DESIGN
650 _aGREEN BUILDINGS
650 _aNATURAL VENTILATION
690 _aBUILDING AND CONSTRUCTION-ENERGY MANAGEMENT
690 _aBlock management
_96220
942 _n0
948 _c04/03/1997
999 _c46391
_d46391